TQM in the service sector / (Record no. 884)
[ view plain ]
| 000 -LEADER | |
|---|---|
| fixed length control field | 00620nam a2200193 4500 |
| 001 - CONTROL NUMBER | |
| control field | 1244 |
| 005 - DATE AND TIME OF LATEST TRANSACTION | |
| control field | 20181127162951.0 |
| 008 - FIXED-LENGTH DATA ELEMENTS--GENERAL INFORMATION | |
| fixed length control field | 960920s1996 ja a b 001 0 eng d |
| 020 ## - INTERNATIONAL STANDARD BOOK NUMBER | |
| International Standard Book Number | 8172249535 |
| 100 ## - MAIN ENTRY--PERSONAL NAME | |
| Personal name | Mohanty, R.P. |
| Numeration | |
| Titles and words associated with a name | |
| Dates associated with a name | |
| Relator term | |
| Fuller form of name | |
| 245 10 - TITLE STATEMENT | |
| Title | TQM in the service sector / |
| Statement of responsibility, etc. | R. P. Mohanty & R. R. Lakhe. |
| 260 ## - PUBLICATION, DISTRIBUTION, ETC. | |
| Place of publication, distribution, etc. | Ahmedabad : |
| Name of publisher, distributor, etc. | Jaico Publishing House, |
| Date of publication, distribution, etc. | 2008. |
| 300 ## - PHYSICAL DESCRIPTION | |
| Extent | 598 p. : |
| Other physical details | ill. ; |
| Dimensions | 21 cm. |
| 504 ## - BIBLIOGRAPHY, ETC. NOTE | |
| Bibliography, etc. note | Includes bibliographical references. |
| 650 #0 - SUBJECT ADDED ENTRY--TOPICAL TERM | |
| Topical term or geographic name entry element | Service industries |
| General subdivision | Management. |
| Topical term or geographic name entry element | Service industries |
| General subdivision | Quality control. |
| Topical term or geographic name entry element | Total quality management. |
| 700 1# - ADDED ENTRY--PERSONAL NAME | |
| Personal name | R.P. Mohanty |
| Withdrawn status | Lost status | Source of classification or shelving scheme | Damaged status | Not for loan | Collection code | Home library | Current library | Shelving location | Serial Enumeration / chronology | Inventory number | Total Checkouts | Full call number | Barcode | Date last seen | Price effective from | Koha item type |
|---|---|---|---|---|---|---|---|---|---|---|---|---|---|---|---|---|
| Dewey Decimal Classification | Main TEST | RTC Library | RTC Library | Main opac | 4268 | 658.56 MOH | 30002847 | 27/11/2018 | 27/11/2018 | Main |